|
|
|
|
| LEADER |
00000nam0a22000001 4500 |
| 001 |
678742 |
| 005 |
20250228092933.0 |
| 090 |
|
|
|a 678742
|
| 100 |
|
|
|a 20250220d1965 k||y0rusy50 ca
|
| 101 |
0 |
|
|a rus
|
| 102 |
|
|
|a RU
|
| 105 |
|
|
|a y ac 001yy
|
| 181 |
|
0 |
|a i
|b e
|
| 182 |
|
0 |
|a n
|
| 183 |
|
0 |
|a nc
|2 RDAcarrier
|
| 200 |
1 |
|
|a Томичи в боях за Родину
|e указатель литературы
|f Справочно-библиографический отдел Томской областной библиотеки ; сост. А. И. Шевченко
|
| 203 |
|
|
|a Текст
|b визуальный
|c непосредственный
|
| 210 |
|
|
|a Томск
|c Западно-Сибирское книжное изд-во
|d 1965
|
| 215 |
|
|
|a 44 с.
|
| 283 |
|
|
|a volume
|2 RDAcarrier
|
| 320 |
|
|
|a Именной указатель: с. 41-43
|
| 606 |
|
|
|a Библиографические пособия
|x По истории
|9 52089
|
| 606 |
|
|
|a Томская область в Великой Отечественной войне 1941-1945
|9 82890
|
| 610 |
1 |
|
|a история
|
| 610 |
1 |
|
|a 20 век
|
| 610 |
1 |
|
|a Томск
|
| 610 |
1 |
|
|a томичи
|
| 610 |
1 |
|
|a библиографические указатели
|
| 610 |
1 |
|
|a труженники тыла
|
| 610 |
1 |
|
|a Великая Отечественная война
|
| 610 |
1 |
|
|a фронтовики
|
| 686 |
|
|
|2 rubbk
|a Т3(2)622-9я1
|
| 686 |
|
|
|2 rubbk
|a Я19:Т
|
| 702 |
|
1 |
|4 220
|a Шевченко
|b А. И.
|
| 712 |
0 |
2 |
|a Томская областная универсальная научная библиотека им. А. С. Пушкина
|4 570
|9 23530
|b Справочно-библиографический отдел
|
| 801 |
|
0 |
|a RU
|b 63413507
|c 20250220
|
| 830 |
|
|
|a Ретро2025Каталогизация Кузнецова
|
| 850 |
|
|
|a 63413507
|
| 942 |
|
|
|c BK
|